El asesoramiento psicoeducativo en el desarrollo de la escuela inclusiva : a propósito de los alumnos tartamudos /

Este artículo plantea el asesoramiento psicoeducativo constructivista como un medio eficaz para apoyar a los profesores en la atención a la diversidad del alumnado. A partir de un diseño de encuesta, se recoge información para analizar las intenciones de acción de los maestros en relación con la edu...

Full description

Bibliographic Details
Other Authors: Castejón, Luis
Format: Analitica de revista
Language:Spanish
Published: Madrid Fundación Infancia y Aprendizaje 2007
Online Access:Acceso electrónico al documento (tablas de contenido y resúmenes)

MARC

LEADER 00000cab a2200000 a 4500
001 026410
003 UAHC_CL
005 20180803142117.0
008 060704b xx j 000 1 spa
952 |0 0  |1 0  |2 ddc  |4 0  |6 C__E01_07_000000000000000  |7 0  |8 COMP  |9 53324  |a BC  |b BC  |c General  |d 2017-08-03  |l 0  |o C & E-01/07  |r 2018-01-17 00:00:00  |t 1  |w 2017-08-03  |y REVA 
999 |c 26410  |d 26410 
037 |a Fundación Infancia y Aprendizaje: Crtra. de Canillas, 138, 16 C, 28043. Tf. 7596892; Fax: 3003527; correo electrónico: fundacionia@fia.es 
037 |a Fundación Infancia y Aprendizaje: Crtra. de Canillas, 138, 16 C, 28043. Tf. 7596892; Fax: 3003527; correo electrónico: fundacionia@fia.es 
040 |a UAHC_CL  |c UAHC_CL  |d UAHC_CL 
245 1 3 |a El asesoramiento psicoeducativo en el desarrollo de la escuela inclusiva :  |b a propósito de los alumnos tartamudos /  |c Luis Castejón ... [et al.]. 
260 |b Fundación Infancia y Aprendizaje  |a Madrid  |c 2007 
300 |a pp. 5-16 
310 |a Trimestral 
500 |a En: C & E, n¼01, vol. 19, 2007. pp. 5-16. ISSN 11356405. 
520 |a Este artículo plantea el asesoramiento psicoeducativo constructivista como un medio eficaz para apoyar a los profesores en la atención a la diversidad del alumnado. A partir de un diseño de encuesta, se recoge información para analizar las intenciones de acción de los maestros en relación con la educación de los alumnos tartamudos. Esas intenciones se comparan con las propuestas que realizan los expertos en tartamudez y se contrastan con cinco indicadores de inclusividad para determinar si los maestros explicitan valores inclusivos en sus respuestas. Los resultados destacan tres aspectos: la coincidencia entre maestros y expertos al señalar lo que se debe hacer con estos alumnos; las dificultades de los maestros respecto a cómo actuar en el aula con estos alumnos; las referencias a los indicadores de inclusividad son escasas. A partir del análisis de los resultados se plantean dos cuestiones: 1) la necesidad de construir significados compartidos en las tareas de asesoramiento psicoeducativo; 2) los contenidos del asesoramiento, destacando entre ellos los aspectos de la inclusividad que deben ser promovidos. 
700 1 |a Castejón, Luis 
700 1 |a Castejón, Luis 
773 0 |t C&E : cultura y educación, revista de teoría, investigación y práctica  |w 026402 
856 |u http://dialnet.unirioja.es/servlet/listaarticulos?tipo_busqueda=EJEMPLAR&revista_busqueda=252&clave_busqueda=146774  |y Acceso electrónico al documento (tablas de contenido y resúmenes) 
900 |a C & E-01/07 
942 |c REVA  |2 ddc